| 000 | 00496nam a2200169 a 4500 | ||
|---|---|---|---|
| 005 | 20240912063739.0 | ||
| 008 | 991125s1959 cu 000 0 spa u | ||
| 035 | _aUPN01000021012 | ||
| 049 | _aF | ||
| 050 | 4 |
_aF1787 _bM3.4 1959 |
|
| 100 | 1 |
_aMartÃnez Arango, Felipe, _dn. 1909 _929149 |
|
| 245 | 1 | 0 |
_aEsquema del 24 de febrero / _cFelipe MartÃnez Arango. |
| 260 |
_aSantiago de Cuba : _bUniversidad de Oriente, _c1959. |
||
| 300 | _a17 p. | ||
| 651 | 0 |
_aCuba _xHistoria _911692 |
|
| 905 | _aLibro | ||
| 999 |
_c21012 _d21012 |
||